000 00781nam a22002177a 4500
999 _c10262
_d10262
003 GBCCL
005 20241126110728.0
008 240509b ||||| |||| 00| 0 eng d
020 _a9781845500498
020 _a1845500490
040 _cgbc
082 _a230.046
_bCUL
100 _aCulver, Robert Duncan
_917840
245 _aSystematic theology :
_bbiblical and historical /
_cRobert Duncan Culver
260 _a Fearn,
_bMentor/Christian Focus,
_c2006, ©2005
300 _axviii, 1258 pages ;
_c25 cm
505 _aDemanding no previous knowledge of theology, this work is endorsed by leading contemporary theologians. It is of interest to students, pastors and thinking Christians.
650 _a Bible
_95
650 _aBible
_vTheology
_914801
942 _2ddc
_cBK
_02